Student's manual for seminars, Erasmus course, Distribution systems and logistics academic year 2016/2017 winter
Gespeichert in:
| 1. Verfasser: | |
|---|---|
| Weitere Verfasser: | |
| Format: | Buchkapitel |
| Sprache: | Englisch |
| Tags: |
Keine Tags, Fügen Sie das erste Tag hinzu!
|
MARC
| LEADER | 00000nla a2200000 4500 | ||
|---|---|---|---|
| 001 | 0223273 | ||
| 005 | 20240502073643.8 | ||
| 041 | 0 | |a eng | |
| 044 | |a SK | ||
| 245 | 1 | 0 | |a Student's manual for seminars, Erasmus course, Distribution systems and logistics |b academic year 2016/2017 winter |c Milan Oreský, Róbert Rehák |
| 100 | 1 | |a Oreský, Milan, 1956- | |
| 700 | 1 | |a Rehák, Róbert, 1984- | |